000
00276 a2200109 4500
001
62536
082
_a
358.4 TAR
090
_c
37180
_d
37180
100
_a
Tariq Mehmood
245
_a
Aerospace power ; the emerging strategic dimension
260
_a
Lahore
_b
PAF Book club
_c
2003
942
_a
NUST-CAE
_k
358.4 TAR
999
_c
297609
_d
297609